Women run the country 2019 - Statistics

General Stats
  • This quiz has been taken 19 times
  • The average score is 6 of 12
Answer Stats
% of the seats Country % Correct
40.8 Norway
94%
47.3 Sweden
94%
41.5 Finland
88%
40 New Zealand
82%
53.2 Cuba
47%
41.8 South Africa
47%
55.7 Rwanda
35%
48.4 Mexico
29%
45.6 Costa Rica
18%
44.6 Nicaragua
18%
41.8 Senegal
18%
51.8 Bolivia
12%
No matching quizzes found
Score Distribution
Percent of People with Each Score
Percentile by Number Answered
Your Score History
You have not taken this quiz